Quản lý hoạt động thư viện ở trường trung học cơ sở trên địa bàn thị xã Tân Uyên, tỉnh Bình Dương
Chuyên ngành: Quản lý giáo dục; Mã số: 81.40.11.4; Ý kiến về việc sao chép tài liệu: đồng ý sao chép 50%; Ý kiến về việc chép file: không đồng ý; TM tài liệu tham khảo sau phần kết luận; Luận văn Thạc sĩ Quản lý giáo dục ĐH Thủ Dầu Một, 201...
Zapisane w:
| 1. autor: | |
|---|---|
| Kolejni autorzy: | |
| Format: | Książka |
| Język: | Undetermined |
| Wydane: |
Bình Dương
2018
|
| Hasła przedmiotowe: | |
| Dostęp online: | http://lrc.tdmu.edu.vn/opac/search/detail.asp?aID=2&ID=36768 |
| Etykiety: |
Dodaj etykietę
Nie ma etykietki, Dołącz pierwszą etykiete!
|
| Thư viện lưu trữ: | Trung tâm Học liệu Trường Đại học Thủ Dầu Một |
|---|
| LEADER | 01830nam a2200205Ia 4500 | ||
|---|---|---|---|
| 001 | TDMU_36768 | ||
| 008 | 210410s9999 xx 000 0 und d | ||
| 082 | |a 306 | ||
| 090 | |b NG527 | ||
| 100 | |a Nguyễn, Thị Lệ Hằng | ||
| 245 | 0 | |a Quản lý hoạt động thư viện ở trường trung học cơ sở trên địa bàn thị xã Tân Uyên, tỉnh Bình Dương | |
| 245 | 0 | |c Nguyễn Thị Lệ Hằng; TS. Trần Thị Tuyết Mai (hướng dẫn) | |
| 260 | |a Bình Dương | ||
| 260 | |c 2018 | ||
| 300 | |a 155tr | ||
| 520 | |a Chuyên ngành: Quản lý giáo dục; Mã số: 81.40.11.4; Ý kiến về việc sao chép tài liệu: đồng ý sao chép 50%; Ý kiến về việc chép file: không đồng ý; TM tài liệu tham khảo sau phần kết luận; Luận văn Thạc sĩ Quản lý giáo dục ĐH Thủ Dầu Một, 2018; Luận văn gồm 5 chương. Chương 1 Cơ sở lý luận về quản lý hoạt động thư viện ở trường Trung học cơ sở; Chương 2 Thực trạng quản lý hoạt động thư viện ở trường Trung học cơ sở trên địa bàn thị xã Tân Uyên, tỉnh Bình Dương; Chương 3. Biện pháp quản lý hoạt động thư viện ở trường trung học cơ sở trên địa bàn thị xã Tân Uyên, tỉnh Bình Dương. | ||
| 650 | |a Luận văn; Hoạt động thư viện |x Quản lý |z Bình Dương; Thư viện trường học |x Quản lý | ||
| 700 | |a Trần Thị Tuyết Mai | ||
| 856 | |u http://lrc.tdmu.edu.vn/opac/search/detail.asp?aID=2&ID=36768 | ||
| 980 | |a Trung tâm Học liệu Trường Đại học Thủ Dầu Một | ||